| 000 | 03773nam a2200289Ia 4500 | ||
|---|---|---|---|
| 003 | OSt | ||
| 005 | 20210811084821.0 | ||
| 008 | 210310s2007 ck ad fr 000 0dspa d | ||
| 020 | _a9789586952774 | ||
| 040 |
_aCO-JMCR _cCO-JMCR |
||
| 041 | 0 | _aspa | |
| 082 | 0 | 4 |
_a332.09861 / _bS487m1 _223 |
| 100 | 1 |
_aSerrano Rodríguez, Javier, _97608 _eautor |
|
| 245 | 1 | 0 |
_aMercados financieros / _cJavier Serrano Rodríguez |
| 260 |
_aBogotá : _bUniversidad de los Andes, _c2007 |
||
| 300 |
_a510 páginas : _bilustraciones y gráficas a blanco y negro ; _c23 cm. |
||
| 500 | _aIncluye datos biográficos del autor y notas a pie de página. | ||
| 504 | _aBibliografía al final de cada capítulo. | ||
| 505 | 0 | _aSistemas financieros. Visión general del Sistema Financiero Colombiano -- Mercados monetarios y de capitales -- Las políticas monetaria y cambiaria y su impacto sobre el Sistema Financiero -- Establecimientos de crédito: Principales operaciones -- Mercado monetario en Colombia - Manejo de tesorería -- Mercado de capitales en Colombia: Mercado público de valores e instrumentos principales -- El mercado bursátil colombiano -- Inversionistas institucionales -- Mercado de deuda pública -- Financiamiento de vivienda en Colombia -- Sistema financiero de los Estados Unidos -- Mercados de bonos y de acciones -- Mercados de derivados: contratos de futuros -- Los contratos de opciones -- Banca de inversión -- Tópicos especiales en los mercados financieros internacionales -- Organismos multilaterales de crédito | |
| 520 | 3 | _aMercados Financieros: Una Visión del Sistema Financiero Colombiano y de los Principales Mercados Financieros Internacionales constituye una importante y valiosa contribución al conocimiento de los mercados financieros, tanto para los académicos interesados en el tema como para cualquier persona que quiera conocer como opera el mundo cotidiano de las finanzas en Colombia y en otros países. Así mismo, se convierte en texto guía y obra de consulta obligatoria para estudiantes de finanzas en diferentes programas académicos de pregrado y posgrado como maestrías y especializaciones. En la primera parte, se hace una exposición profunda y sistemática del sistema financiero colombiano y sus mercados más representativos (monetarios, TES, titularización de cartera hipotecaria, bonos y acciones), y se presenta la operación de sus principales instituciones y las oportunidades que allí se encuentran para la conformación de una estructura financiera adecuada a nivel empresarial. Se incluyen adicionalmente temas como la implantación de políticas relacionadas con la administración de establecimientos de crédito y de portafolios de inversión; y la operación sistemática de nuestros mercados financieros y sus instituciones, que contribuye al desarrollo y conocimiento de las finanzas en Colombia. La segunda parte del libro presenta en forma clara y didáctica el desarrollo de los principales mercados financieros del mundo, con énfasis en el merca do de los Estados Unidos (tesorería, bonos, acciones, futuros y opciones), los conceptos básicos relacionados con los mercados de derivados, la operación del mercado de euromonedas, al igual que los mercados de bonos y acciones a nivel internacional. Esta importante obra se destaca por su enfoque sistémico y didáctico, con gran valor agregado para especialistas en finanzas, pero de fácil comprensión para todos aquellos que quieran aproximarse al conocimiento del tema financiero. | |
| 650 | 1 | 4 |
_aMercado financiero _916832 _zColombia |
| 650 | 2 | 4 |
_aMercado de capitales _zColombia _97652 |
| 650 | 2 | 4 |
_aPolítica monetaria _zColombia _96926 |
| 650 | 2 | 4 |
_aFinanzas _zColombia _96833 |
| 650 | 2 | 4 |
_aFinanzas internacionales _95881 |
| 942 |
_2ddc _cBK |
||
| 999 |
_c8280 _d8280 |
||